Ešte k problematike etických kódexov v bankových subjektoch

Pokračovanie príspevku z predchádzajúceho čísla. Vzťahy s klientami a obchodnými partnermi.

Gespeichert in:
Bibliographische Detailangaben
1. Verfasser: Heretiková, Katarína
Format: Buchkapitel
Sprache:Slowakisch
Schlagworte:
Tags: Tag hinzufügen
Keine Tags, Fügen Sie das erste Tag hinzu!

MARC

LEADER 00000nla a2200000 4500
001 0226051
005 20240417075110.3
041 0 |a slo 
044 |a SK 
245 1 0 |a Ešte k problematike etických kódexov v bankových subjektoch  |c Katarína Heretiková 
520 |a Pokračovanie príspevku z predchádzajúceho čísla. Vzťahy s klientami a obchodnými partnermi. 
610 2 0 |a banky 
610 2 0 |a klienti 
610 2 0 |a odbornosť 
610 2 0 |a kódexy etické 
100 1 |a Heretiková, Katarína